India Unbound

Guardat en:
Dades bibliogràfiques
Autor principal: Gurcharan Das
Format: Llibre
Publicat: Anchor
Matèries:
Etiquetes: Afegir etiqueta
Sense etiquetes, Sigues el primer a etiquetar aquest registre!

MARC

LEADER 00000nam a2200000Ia 4500
005 20260427112716.0
526 |b Economics 
100 |a Gurcharan Das 
020 |a 9780385720748 
650 |a Indian Economy 
526 |a Bachelors 
942 |c BK 
245 |a India Unbound 
260 |b Anchor  
999 |c 95  |d 95 
952 |0 0  |1 0  |4 0  |7 0  |8 1  |a BRISTOL  |b BRISTOL  |d 2026-04-22  |l 0  |p 000016  |r 2026-04-27 11:27:17  |w 2026-04-27  |y BK